00773nam a2200229Ia 4500003000400000005001700004008004100021020001800062040001800080041000800098082002000106100003100126245008900157250000600246260004100252300001300293650002600306700003300332942002700365999001900392952013200411OSt20251029091850.0210716s2018 xx 000 0 und d a9788126573455 cAIMIT LIBRARY aeng a005.7585 bNELS aNelson, Stephen L.9243064 aExcel data analysis : bfor dummies /cBy Stephen L. Nelson and Elizabeth C. Nelson. a3 aNew DelhibWiley India Pvt Ltdc2018 axiii,364 aData Analysis9243065 aNelson, Elizabeth C.9243066 2ddccBKk005.7585 NELS c197216d197216 001040708MCAaAIMITbAIMITeKnowledge Worldg599.00l0o005.7585 NELSpMCA16731r2026-05-23 00:00:00v449.25w2021-07-16yBK